000
00315nam a22001337a 4500
008
180904b xxu||||| |||| 00| 0 eng d
020
_a
9780495013273
041
_a
eng
080
_a
510
100
_a
37
101
_a
MAT
245
_a
Essentials Algebra For Chemistry Students
_c
BALL.D.DW
942
_2
udc
_c
BK
999
_c
47528
_d
47528